| 000 | 01089nam a2200277Ia 4500 | ||
|---|---|---|---|
| 001 | Para_10329 | ||
| 003 | CHAP | ||
| 008 | 220125sSept xx 000 0 und d | ||
| 010 | _a209023 | ||
| 040 | _cCHAP | ||
| 090 | _aPA CD - TESIS 359 | ||
| 100 |
_aRamírez Guillen, Viviana del Rocío _9128670 |
||
| 245 |
_aDeterminación de resistencia en un biotipo de Avena fatua L. proveniente de Efectitividad Biológica de dos-formulados en hongos entomopatógenos en el control de una plaga de nuez almacenado / _c Ramírez Guillen, Viviana del Rocío; Director Amalia Pérez Valdez |
||
| 260 |
_aChapingo, Méx. : _b el autor |
||
| 300 | _a1 CDS ROM (90 p.) | ||
| 502 | _aTesis (Ing. Agr. Esp. en Parasitología Agrícola). UACh. Departamento Parasitología Agrícola | ||
| 700 |
_aPérez Valdez, Amalia. Director _9175140 |
||
| 710 | _aUACh Departamento Parasitología Agrícola | ||
| 901 | _aPA CD - TESIS 359 | ||
| 902 | _aM | ||
| 905 | _a513220Septiembre,2014 an 8100000000 06 | ||
| 910 | _aSept | ||
| 942 | _cPARA | ||
| 942 |
_cPARA _d2 |
||
| 999 |
_c209023 _d209023 |
||